| 000 | 00490cam a22001814a 4500 | ||
|---|---|---|---|
| 005 | 20250605164145.0 | ||
| 008 | 250528s ||||||||||||||||||||||||d | ||
| 035 | _a19125 | ||
| 020 | _a894710168 | ||
| 040 |
_aGR-AtMCL _bgre _dGR-AtMCL _eAACR2 |
||
| 245 | 1 | _aGlossary of Accounting Language / An Insider's Guide to the Language of the Experts | |
| 260 |
_bRunning Press, _c1978 |
||
| 300 | _a80 | ||
| 700 | 1 |
_aMarch Robert T _95373 |
|
| 942 | _cBK | ||
| 999 |
_c4404 _d4404 |
||